| 000 | 00702nam a2200229Ia 4500 | ||
|---|---|---|---|
| 003 | OSt | ||
| 005 | 20220923224155.0 | ||
| 006 | a|||||r|||| 00| 0 | ||
| 007 | ta | ||
| 008 | Pun | ||
| 024 | _a227,408 | ||
| 037 | _cTextual | ||
| 040 |
_aARTS _cARTS _bPun |
||
| 041 |
_2Pun _aPun |
||
| 082 | _aV2:51w, 153N4 | ||
| 100 | _aਘਾਰੂ, ਗੁਰਦਾਸ ਸਿੰਘ | ||
| 245 | 0 | _aਕੂਕਾ ਲਹਰ ਦਾ ਸੰਘਰF (1849 ਤੋਜ਼ 1942 ਤੱਕ) | |
| 260 |
_aਬਰਨਾਲਾ _b ਦਰFਨ ਸਿੰਘ ਨਾਹਰ _c1994 |
||
| 300 |
_a160ਪੰ _ccm. |
||
| 942 |
_hV2:51w, 153N4 _cTEXL _2CC |
||
| 999 |
_c369731 _d369731 |
||